000 00760nam a2200205 i 4500
001 146723
003 ES-MaACL
005 20230906201641.0
007 t|
008 070917s1955 sp |||| | spa d
080 _a821.134.1.09
245 0 0 _aTres estudios sobre literatura catalana.
260 _aMadrid :
_bRialp,
_c1955.
300 _a169 p. ;
_c19 cm.
505 8 _aContiene: ;
_tLa literatura catalana /
_rpor Carlos Cardó. --
_tUna interpretación de Juan Maragall /
_rpor José Romeu Figueras. --
_tLa poesía catalana contemporánea /
_rpor José Romeu Figueras
650 4 _aLiteratura catalana-
_xHistoria y crítica.
_914515
700 1 _aCardó, Carles.
_935168
700 1 _aRomeu i Figueras, Josep.
_999462
852 _aES-MaACL
_jC-10522
999 _c146723
_d146723